ما هي ميكانيكا الكم ؟ / (Record no. 6462)

MARC details
000 -الفاتح
حقل البيانات ثابتة الطول 00879nac a22002411i 4500
003 - محدد رقم الضبط
رقم الضبط EG-ScBUE
005 - وقت وتاريخ اخر تعامل مع التسجيلة
رقم الضبط 20260510135914.0
008 - عناصر البيانات ثابتة الطول - معلومات عامة
حقل البيانات ثابتة الطول 101122s1971 ru a fr 000 0 ara d
040 ## - مصدر الفهرسة
وكالة الفهرسة الأصلية EG-ScBUE
لغة الفهرسة ara
قواعد الوصف rda
وكالة النسخ EG-ScBUE
وكالة التعديل EG-ScBUE
082 04 - رقم تصنيف ديوى العشرى
رقم التصنيف 530.4
رقم المادة ر ي د
رقم الطبعة 22
100 1# - المدخل الرئيسى - إسم شخصى
الإسم الشخصى ريدنيك، ف.،
9 (RLIN) 21213
الدور مؤلف.
245 10 - بيان العنوان
العنوان ما هي ميكانيكا الكم ؟ /
بيان المسئوليه,etc ف. ريدنيك.
264 #1 - النشر، التوزيع
مكان الناشر او الموزع موسكو :
اسم الناشر او الموزع دار مير للطباعة والنشر،
تاريخ النشر أو التوزيع 1971.
300 ## - الوصف المادى
التعداد 460 صفحة :
تفاصيل ماديه اخرى للوعاء إيضاحيات ؛
أبعاد الوعاء 11 سم.
336 ## - نوع المحتوى
source rdacontent
Carrier Type Term نص
Content Type Code txt
337 ## - نوع الوسيط
Media Type Term بدون وسيط
source rdamedia
Media Type Code n
338 ## - نوع الحامل أو الناقل
Carrier Type Term مجلد
Carrier Type Code nc
source rdacarrier
490 0# - بيان السلسلة
عنوان السلسلة العلم للجميع
541 ## - تبصرة المصدر المباشر للتزويد
مصدر التزويد إهداء ؛
طريقة التزويد مكتبة الإسكندرية ؛
650 #7 - المدخل الاضافى بالموضوع-مصطلح موضوعى
مصطلح موضوعي أو اسم جغرافي كعنصر مدخل ميكانيكا الكم.
9 (RLIN) 21215
مصدر الرأس أو المصطلح BUEsh
655 ## - مصطلح تكشيفى-نوع/شكل
التقسيم الفرعي الشكلي Reading book
942 ## - عناصر المدخل الإضافي( كوها)
Koha [default] item type Book - Borrowing
سابقة رقم الطلب 530.4 ر ي د
مصدر التصنيف او مخطط الترفيف Dewey Decimal Classification
Holdings
حالة التراجع حالة الفقد مصدر التصنيف او خطة الترفيف حالة تلف ليس للاعارة مجموعات كوها المكان الدائم المكان الحالي موقع الترفيف تاريخ الاكتساب Source of acquisition رقم الاستدعاء الباركود Date last seen مُعار نوع الوعاء
    Dewey Decimal Classification     Donation-Gift Central Library Central Library First floor 15/12/2010   530.4 ر ي د 000007943 15/07/2025 07/12/2020 Book - Borrowing